000 01787nam0a2200373 i 4500
001 RU\NLR\BIBL_A\011219728
005 20241103100710.0
010 _a9785222247969
_91500
021 _aRU
_b2016-69677
_94490
035 _a(NILC)RuMoRGB-008616105
035 _a(NLR Aleph) 011219728
090 _a12017744
_c12017744
100 _a20160928d2017 u y0rusy50 ca
101 0 _arus
102 _aRU
105 _aa|||j|||000yy
200 1 _aНеорганическая химия в уравнениях реакций
_eучебное пособие
_eдля студентов высших учебных заведений, обучающихся по направлению "химия"
_fЖ. А. Кочкаров
210 _aРостов-на-Дону
_cФеникс
_d2017
_d[т. е. 2016]
215 _a412, [3] с.
_cил.
_d21
225 1 _aСерия "Высшее образование"
225 1 _aСоответствует ФГОС
300 _aФактическая дата выхода в свет - 2016
320 _aБиблиогр. в конце кн. (20 назв.)
606 _aНеорганическая химия
_jУчебные издания для высших учебных заведений
_91049111
_3RU\NLR\AUTH\6687202
606 1 _aХимические уравнения
_jУчебные издания для высших учебных заведений
_92530446
_3RU\NLR\AUTH\661498852
675 _a546
686 1 _aГ118я73-1
700 1 _aКочкаров
_bЖ. А.
_f1958-
_gЖамал Ахматович
801 0 _aRU
_bРГБ
_c20160912
_gRCR
801 2 _aRU
_bРГБ
_c20160915
_grcr
942 _cBOOK
980 _aNBR